[Event "11th EUR-ch"]
[Site "Rijeka CRO"]
[Date "2010.03.15"]
[Round "9"]
[White "Timofeev, Artiom"]
[Black "Melkumian, Hrant"]
[Result "1-0"]
[WhiteElo "2655"]
[BlackElo "2582"]
[EventDate "2010.03.06"]
[PlyCount "87"]

1.e4 e5 2.Nf3 Nc6 3.Bb5 a6 4.Ba4 Nf6 5.O-O Be7 6.Re1 b5 7.Bb3 O-O 8.a3 d6 
9.c3 Be6 10.d4 Bxb3 11.Qxb3 Nd7 12.Qc2 Bf6 13.Be3 Ne7 14.a4 c6 15.Nbd2 Qc7
16.h3 Nb6 17.dxe5 dxe5 18.c4 Qb7 19.Qb3 Nd7 20.Red1 Rfb8 21.Qc2 Nf8 22.Bc5
Rd8 23.Nb3 Ne6 24.Bd6 Nd4 25.Rxd4 exd4 26.e5 Ng6 27.c5 d3 28.Qc3 Be7 29.
Na5 Qc8 30.Nd4 Bxd6 31.exd6 Nf4 32.Qd2 Ne2+ 33.Nxe2 dxe2 34.Qxe2 Qd7 35.
Qg4 Qxg4 36.hxg4 Rac8 37.axb5 axb5 38.Re1 Kf8 39.Re7 Re8 40.Rb7 Re1+ 41.
Kh2 Re6 42.b4 g5 43.Kg3 Rf6 44.Rc7 1-0

[Event "11th EUR-ch"]
[Site "Rijeka CRO"]
[Date "2010.03.15"]
[Round "9"]
[White "Movsesian, Sergei"]
[Black "Mamedov, Nidjat"]
[Result "1-0"]
[WhiteElo "2709"]
[BlackElo "2623"]
[EventDate "2010.03.06"]
[PlyCount "79"]

1.e4 c5 2.Nf3 e6 3.d4 cxd4 4.Nxd4 a6 5.Nc3 Qc7 6.Bd3 Bc5 7.Nb3 Be7 8.Qg4 
g6 9.Qe2 d6 10.h4 Nf6 11.Bh6 Nbd7 12.O-O-O b5 13.f4 Bb7 14.Rhe1 b4 15.Nb1 
e5 16.N1d2 exf4 17.Bxf4 Ne5 18.Nc4 O-O 19.Bxe5 dxe5 20.g4 a5 21.h5 Bc8 22.
Rg1 Be6 23.Kb1 a4 24.Nbd2 Rfd8 25.hxg6 fxg6 26.Rc1 Kg7 27.Rg3 Rac8 28.Rh1 
a3 29.g5 Nh5 30.Rxh5 gxh5 31.Qxh5 Kh8 32.g6 Bf6 33.Rf3 Rf8 34.Nd6 Ra8 35.
Bc4 Bxc4 36.N2xc4 Qg7 37.Rh3 Kg8 38.Rg3 Kh8 39.Nf5 Be7 40.Nce3 1-0

[Event "11th EUR-ch"]
[Site "Rijeka CRO"]
[Date "2010.03.15"]
[Round "9"]
[White "Adams, Michael"]
[Black "Edouard, Romain"]
[Result "1/2-1/2"]
[WhiteElo "2704"]
[BlackElo "2617"]
[EventDate "2010.03.06"]
[PlyCount "96"]

1.e4 c5 2.Nf3 Nc6 3.Bb5 e6 4.O-O Nge7 5.b3 a6 6.Bxc6 Nxc6 7.Bb2 b6 8.d4 
cxd4 9.Nxd4 Bb7 10.Nd2 f6 11.Qg4 Kf7 12.Rad1 Qc7 13.Nc4 b5 14.Qh5+ Kg8 15.
Ne3 Ne5 16.Nf3 Ng6 17.Qg4 Rd8 18.h4 Qf4 19.h5 Qxg4 20.Nxg4 Nf4 21.h6 Kf7 
22.Rfe1 Rg8 23.g3 Ng6 24.Bc3 d6 25.Rd3 e5 26.Ba5 Rc8 27.hxg7 Kxg7 28.Nd2 
Rxc2 29.Ne3 Rxa2 30.Bb4 Kh8 31.Kf1 a5 32.Bxd6 a4 33.Rc1 axb3 34.Bxf8 Nxf8 
35.Nd5 b2 36.Rb1 Bxd5 37.Rxd5 Ne6 38.Rxb5 Rd8 39.Nf3 Nd4 40.Nxd4 Rxd4 41.
R5xb2 Rxb2 42.Rxb2 Rxe4 43.Rb7 Rg4 44.Ke2 Kg8 45.Ke3 Rg7 46.Rb4 Kf7 47.Rh4
f5 48.Rh6 Rg6 1/2-1/2

[Event "11th EUR-ch"]
[Site "Rijeka CRO"]
[Date "2010.03.15"]
[Round "9"]
[White "Vorobiov, Evgeny"]
[Black "Naiditsch, Arkadij"]
[Result "1/2-1/2"]
[WhiteElo "2616"]
[BlackElo "2691"]
[EventDate "2010.03.06"]
[PlyCount "120"]

1.Nf3 Nf6 2.c4 c5 3.Nc3 d5 4.cxd5 Nxd5 5.e3 Nxc3 6.bxc3 g6 7.Bb5+ Nd7 8.a4
Bg7 9.O-O O-O 10.Ba3 b6 11.d4 Bb7 12.a5 Qc7 13.Qe2 Nf6 14.Rfc1 Ne4 15.Ba6 
Rfc8 16.Rab1 e6 17.Bxb7 Qxb7 18.Nd2 Nxd2 19.Qxd2 Qd7 20.Qd1 cxd4 21.cxd4 
bxa5 22.g3 Bf8 23.Bxf8 Kxf8 24.Ra1 Qd5 25.Qd2 Rxc1+ 26.Qxc1 Rb8 27.h4 h5 
28.Kh2 Rb5 29.Qa3+ Kg7 30.Rc1 Rb4 31.Qc3 Rb5 32.Qc4 Qb7 33.Qc3 Qf3 34.Kg1 
Rf5 35.Qb2 Kh7 36.Ra1 g5 37.hxg5 h4 38.gxh4 Qg4+ 39.Kf1 Qxh4 40.Ra2 Qh1+ 
41.Ke2 Rxg5 42.Ra1 Qh5+ 43.Kd3 Rb5 44.Qc2 Kh6 45.Qc8 Qg6+ 46.Kc3 Kg7 47.
Rh1 Rh5 48.Rxh5 Qxh5 49.Qc7 a6 50.Qg3+ Kh7 51.e4 a4 52.e5 Qf5 53.Qh4+ Kg6 
54.Kb4 f6 55.Qxf6+ Qxf6 56.exf6 Kxf6 57.Kxa4 Kf5 58.Ka5 Ke4 59.Kxa6 Kxd4 
60.Kb6 Ke4 1/2-1/2

[Event "11th EUR-ch"]
[Site "Rijeka CRO"]
[Date "2010.03.15"]
[Round "9"]
[White "Hracek, Zbynek"]
[Black "Caruana, Fabiano"]
[Result "1/2-1/2"]
[WhiteElo "2615"]
[BlackElo "2680"]
[EventDate "2010.03.06"]
[PlyCount "57"]

1.e4 c5 2.Nf3 Nc6 3.d4 cxd4 4.Nxd4 Nf6 5.Nc3 e5 6.Ndb5 d6 7.Bg5 a6 8.Na3 
b5 9.Nd5 Be7 10.Bxf6 Bxf6 11.c3 O-O 12.Nc2 Rb8 13.Be2 Bg5 14.Qd3 a5 15.a3 
Be6 16.Rd1 Ne7 17.Nce3 Bxe3 18.Nxe3 b4 19.axb4 axb4 20.Qxd6 Qxd6 21.Rxd6 
bxc3 22.bxc3 Rfc8 23.c4 Nc6 24.O-O Nd4 25.Bg4 Bxg4 26.Nxg4 Rxc4 27.Nxe5 
Ne2+ 28.Kh1 Rxe4 29.Nf3 1/2-1/2

[Event "11th EUR-ch"]
[Site "Rijeka CRO"]
[Date "2010.03.15"]
[Round "9"]
[White "Grachev, Boris"]
[Black "Safarli, Eltaj"]
[Result "1/2-1/2"]
[WhiteElo "2667"]
[BlackElo "2606"]
[EventDate "2010.03.06"]
[PlyCount "44"]

1.d4 Nf6 2.Nf3 g6 3.Nbd2 d5 4.b4 Ne4 5.Bb2 Bg7 6.e3 Nxd2 7.Qxd2 Bg4 8.Ne5 
Be6 9.Nd3 O-O 10.Be2 Bf5 11.O-O Nd7 12.Nc5 b6 13.Nxd7 Qxd7 14.c4 dxc4 15.
Bxc4 c5 16.bxc5 bxc5 17.d5 Bxb2 18.Qxb2 Be4 19.Qc3 Bxg2 20.Kxg2 Qg4+ 21.
Kh1 Qf3+ 22.Kg1 Qg4+ 1/2-1/2

[Event "11th EUR-ch"]
[Site "Rijeka CRO"]
[Date "2010.03.15"]
[Round "9"]
[White "Inarkiev, Ernesto"]
[Black "Lenic, Luka"]
[Result "1-0"]
[WhiteElo "2667"]
[BlackElo "2603"]
[EventDate "2010.03.06"]
[PlyCount "59"]

1.e4 c6 2.d4 d5 3.e5 c5 4.dxc5 Nc6 5.Bb5 e6 6.Nf3 Bxc5 7.O-O Ne7 8.Bf4 Bd7
9.Nc3 Ng6 10.Bg3 Bb4 11.Bd3 Bxc3 12.bxc3 Qa5 13.Qd2 O-O-O 14.Rfb1 Kb8 15.
Rb5 Qc7 16.Rab1 Ka8 17.c4 dxc4 18.Rxb7 Qxb7 19.Rxb7 cxd3 20.Rb1 Bc8 21.
cxd3 Rd7 22.h4 h6 23.Qc2 Bb7 24.Qa4 Rhd8 25.h5 Nge7 26.Bh4 Re8 27.Bxe7 
Rexe7 28.Qg4 f5 29.exf6 gxf6 30.Qg6 1-0

[Event "11th EUR-ch"]
[Site "Rijeka CRO"]
[Date "2010.03.15"]
[Round "9"]
[White "Salgado Lopez, Ivan"]
[Black "Naer, Evgeny"]
[Result "1-0"]
[WhiteElo "2592"]
[BlackElo "2665"]
[EventDate "2010.03.06"]
[PlyCount "65"]

1.d4 Nf6 2.c4 c6 3.Nf3 d5 4.cxd5 cxd5 5.Nc3 Nc6 6.Bf4 Bf5 7.e3 e6 8.Qb3 
Bb4 9.Ne5 O-O 10.Nxc6 Bxc3+ 11.Qxc3 bxc6 12.Qa3 Qb6 13.Ba6 Ne4 14.f3 Nf6 
15.Rc1 Nd7 16.Rc3 e5 17.dxe5 c5 18.Be2 d4 19.Rc1 Rfe8 20.e4 Bg6 21.O-O 
Rac8 22.Qa6 Nb8 23.Qxb6 axb6 24.b4 h6 25.bxc5 bxc5 26.Rfd1 Kh7 27.a4 Nd7 
28.Bb5 Red8 29.a5 Nf8 30.a6 Ne6 31.Bd2 Rb8 32.Bc4 Rb2 33.Rb1 1-0

[Event "11th EUR-ch"]
[Site "Rijeka CRO"]
[Date "2010.03.15"]
[Round "9"]
[White "Ragger, Markus"]
[Black "Riazantsev, Alexander"]
[Result "1-0"]
[WhiteElo "2572"]
[BlackElo "2660"]
[EventDate "2010.03.06"]
[PlyCount "107"]

1.Nf3 d5 2.d4 Nf6 3.c4 e6 4.g3 Bb4+ 5.Bd2 Be7 6.Bg2 O-O 7.O-O c6 8.Qc2 b6 
9.Rd1 Nbd7 10.Nc3 Ba6 11.b3 Rc8 12.e4 dxc4 13.Bf4 Re8 14.Nd2 b5 15.bxc4 
bxc4 16.Bf1 Qa5 17.Nxc4 Bxc4 18.Bxc4 e5 19.dxe5 Nxe5 20.Bf1 Bb4 21.Rac1 g5
22.Bxe5 Qxe5 23.Bg2 Ba3 24.Rb1 Bc5 25.Rd3 g4 26.Rbd1 Re6 27.Na4 Be7 28.Nb2
Qc7 29.Nc4 h5 30.h3 Rb8 31.hxg4 hxg4 32.e5 Rxe5 33.Nxe5 Qxe5 34.Re3 Qc5 
35.Qxc5 Bxc5 36.Rc3 Rb5 37.Bxc6 Ra5 38.Rc4 Kg7 39.Rd2 Bb6 40.Kg2 Rf5 41.
Ba4 Kh6 42.Bc2 Re5 43.Rf4 Kg5 44.Bd1 Re6 45.Bb3 Re4 46.Rxe4 Nxe4 47.Rd5+ 
Kf6 48.Bc2 Nc3 49.Rf5+ Ke6 50.Rf4 f5 51.Bxf5+ Ke5 52.Rc4 Nd1 53.Bc2 Nxf2 
54.Rf4 1-0

[Event "11th EUR-ch"]
[Site "Rijeka CRO"]
[Date "2010.03.15"]
[Round "9"]
[White "Parligras, Mircea-Emilian"]
[Black "Roiz, Michael"]
[Result "1/2-1/2"]
[WhiteElo "2551"]
[BlackElo "2652"]
[EventDate "2010.03.06"]
[PlyCount "42"]

1.e4 e6 2.d4 d5 3.Nd2 c5 4.Ngf3 cxd4 5.exd5 Qxd5 6.Bc4 Qd6 7.O-O Nf6 8.Nb3
Nc6 9.Nbxd4 Nxd4 10.Nxd4 a6 11.Bb3 Bd7 12.c3 Qc7 13.Bg5 O-O-O 14.Bxf6 gxf6
15.Qh5 Be8 16.Rad1 Kb8 17.Rfe1 Rc8 18.Re3 f5 19.Red3 h6 20.R1d2 Bg7 21.Bd1
Be5 1/2-1/2

[Event "11th EUR-ch"]
[Site "Rijeka CRO"]
[Date "2010.03.15"]
[Round "9"]
[White "Lopez Martinez, Josep Manuel"]
[Black "Nyback, Tomi"]
[Result "1/2-1/2"]
[WhiteElo "2548"]
[BlackElo "2624"]
[EventDate "2010.03.06"]
[PlyCount "82"]

1.e4 e5 2.Nf3 Nc6 3.Bb5 f5 4.Nc3 fxe4 5.Nxe4 Nf6 6.Nxf6+ Qxf6 7.Qe2 Be7 8.
Bxc6 dxc6 9.Nxe5 Bf5 10.O-O O-O 11.d4 Bd6 12.f4 Rae8 13.Be3 Be6 14.Rae1 
Qf5 15.a3 Qe4 16.Rf2 Bd5 17.c4 Bxe5 18.dxe5 Bxc4 19.Qd2 Qf5 20.Qd4 Bd5 21.
Qxa7 Qc8 22.Qa4 Qf5 23.Qd1 Re6 24.Bc5 Rf7 25.Re3 b6 26.Bb4 Rg6 27.Rg3 Rxg3
28.hxg3 h5 29.Qe1 Qg4 30.Qe3 Qf5 31.Be1 Rd7 32.Rd2 c5 33.Qd3 Qxd3 34.Rxd3 
Be6 35.Rxd7 Bxd7 36.Kf2 Kf7 37.Bc3 Ke6 38.g4 hxg4 39.Kg3 Kf5 40.e6 Bxe6 
41.Bxg7 b5 1/2-1/2

[Event "11th EUR-ch"]
[Site "Rijeka CRO"]
[Date "2010.03.15"]
[Round "9"]
[White "Mastrovasilis, Athanasios"]
[Black "Gelashvili, Tamaz"]
[Result "1/2-1/2"]
[WhiteElo "2511"]
[BlackElo "2621"]
[EventDate "2010.03.06"]
[PlyCount "31"]

1.d4 Nf6 2.c4 e6 3.Nc3 Bb4 4.Nf3 d5 5.e3 O-O 6.Bd3 c5 7.O-O cxd4 8.exd4 
dxc4 9.Bxc4 b6 10.Bg5 Bb7 11.Ne5 Qc7 12.Bxf6 gxf6 13.Qg4+ Kh8 14.Qh4 fxe5 
15.Qf6+ Kg8 16.Qg5+ 1/2-1/2

[Event "11th EUR-ch"]
[Site "Rijeka CRO"]
[Date "2010.03.15"]
[Round "9"]
[White "Belov, Vladimir"]
[Black "Banusz, Tamas"]
[Result "1-0"]
[WhiteElo "2619"]
[BlackElo "2517"]
[EventDate "2010.03.06"]
[PlyCount "89"]

1.e4 e5 2.Nf3 Nc6 3.Bb5 a6 4.Ba4 Nf6 5.O-O Be7 6.Re1 b5 7.Bb3 d6 8.c3 O-O 
9.h3 Na5 10.Bc2 c5 11.d4 Qc7 12.Nbd2 Rd8 13.b3 Bd7 14.d5 c4 15.b4 Nb7 16.
Nf1 a5 17.Ng3 g6 18.Nh2 Ne8 19.Ng4 Bxg4 20.hxg4 Ra6 21.a4 axb4 22.cxb4 Qd7
23.Be3 Rda8 24.a5 Bd8 25.Rb1 Nxa5 26.bxa5 Bxa5 27.Rf1 Bb6 28.Bxb6 Rxb6 29.
Ra1 Rba6 30.Rxa6 Rxa6 31.Qb1 Qb7 32.Bd1 Qb6 33.Be2 Qc5 34.Rc1 Nc7 35.Nf1 
Kg7 36.g5 Qa7 37.Ne3 Ra4 38.Ng4 Ra2 39.Qb4 Qa6 40.Bf1 Ra4 41.Qe1 Qb6 42.
Qc3 Ne8 43.Qh3 Kf8 44.Qxh7 Ra2 45.Rc3 1-0

[Event "11th EUR-ch"]
[Site "Rijeka CRO"]
[Date "2010.03.15"]
[Round "9"]
[White "Khairullin, Ildar"]
[Black "Skoberne, Jure"]
[Result "1-0"]
[WhiteElo "2617"]
[BlackElo "2509"]
[EventDate "2010.03.06"]
[PlyCount "57"]

1.e4 c5 2.Nf3 Nc6 3.d4 cxd4 4.Nxd4 Nf6 5.Nc3 e5 6.Ndb5 d6 7.Bg5 a6 8.Na3 
b5 9.Nd5 Be7 10.Bxf6 Bxf6 11.c4 b4 12.Nc2 a5 13.Be2 O-O 14.O-O Bg5 15.Qd3 
Rb8 16.Rfd1 Ne7 17.Nde3 Rb6 18.c5 Ba6 19.Qd2 Bxe2 20.Qxe2 Rc6 21.cxd6 Rxd6
22.Qb5 Nc6 23.Rxd6 Qxd6 24.Rd1 Qe6 25.Rd5 Rc8 26.g3 Nd4 27.Nxd4 exd4 28.
Re5 Qd6 29.Nc4 1-0

[Event "11th EUR-ch"]
[Site "Rijeka CRO"]
[Date "2010.03.15"]
[Round "9"]
[White "Howell, David"]
[Black "Hovhannisyan, Robert"]
[Result "1/2-1/2"]
[WhiteElo "2612"]
[BlackElo "2498"]
[EventDate "2010.03.06"]
[PlyCount "158"]

1.c4 e5 2.Nc3 Nf6 3.Nf3 Nc6 4.g3 Nd4 5.Bg2 Nxf3+ 6.Bxf3 Bc5 7.O-O O-O 8.e3
d6 9.d4 Bb4 10.Nd5 Nxd5 11.cxd5 Qf6 12.a3 Ba5 13.dxe5 dxe5 14.Bg2 Bd7 15.
b4 Bb6 16.a4 a5 17.Ba3 Rfe8 18.b5 Rad8 19.Qc2 Bf5 20.e4 Bd7 21.Bc5 Rc8 22.
Rac1 h5 23.Qd2 h4 24.Qe3 g6 25.f4 hxg3 26.hxg3 Kg7 27.Rf2 exf4 28.gxf4 
Bxc5 29.Qxc5 Rh8 30.Qc3 Qxc3 31.Rxc3 c6 32.bxc6 bxc6 33.d6 c5 34.Rfc2 Bxa4
35.Ra2 Bd7 36.Rxa5 Rh4 37.Raxc5 Rxc5 38.Rxc5 Rxf4 39.Rc7 Be6 40.d7 Bxd7 
41.Rxd7 Kf6 42.Rd6+ Ke5 43.Rd5+ Ke6 44.Rc5 f6 45.Kh2 f5 46.Kg3 Rg4+ 47.Kf2
fxe4 48.Bh3 Kd6 49.Ra5 Rf4+ 50.Ke2 Rh4 51.Bc8 Rh5 52.Ra6+ Ke5 53.Rxg6 Kd4 
54.Rd6+ Rd5 55.Ra6 Rc5 56.Bb7 Rc2+ 57.Kd1 Rb2 58.Ra4+ Ke3 59.Ra3+ Kf4 60.
Ba6 Rb1+ 61.Kc2 Rb6 62.Be2 Rd6 63.Rh3 Rd8 64.Kc3 Rd6 65.Bb5 Rd5 66.Ba6 Rd7
67.Bc4 Rd1 68.Be2 Rd6 69.Rh8 Ke3 70.Bc4 Rd1 71.Bb3 Rd3+ 72.Kc4 Rd7 73.Kc5 
Kd2 74.Ba4 e3 75.Bxd7 e2 76.Rh2 Ke3 77.Rh3+ Kd2 78.Rh2 Ke3 79.Rxe2+ Kxe2 
1/2-1/2

[Event "11th EUR-ch"]
[Site "Rijeka CRO"]
[Date "2010.03.15"]
[Round "9"]
[White "Nijboer, Friso"]
[Black "Meier, Georg"]
[Result "1/2-1/2"]
[WhiteElo "2562"]
[BlackElo "2663"]
[EventDate "2010.03.06"]
[PlyCount "84"]

1.e4 e5 2.Nf3 Nc6 3.Bb5 Nf6 4.O-O Nxe4 5.Re1 Nd6 6.Nxe5 Be7 7.Bf1 Nf5 8.
Nf3 d5 9.d4 O-O 10.c3 Bd6 11.Nbd2 Qf6 12.Bd3 h6 13.Nf1 Be6 14.Bd2 Rae8 15.
Qc2 Nfe7 16.b4 Ng6 17.Ng3 Bg4 18.Rxe8 Rxe8 19.Re1 Rf8 20.Be2 Nf4 21.Bxf4 
Qxf4 22.h3 Bd7 23.Qd1 g6 24.Bd3 Re8 25.Rxe8+ Bxe8 26.Nf1 Ne7 27.Ne3 Bd7 
28.g3 Qf6 29.Ng4 Bxg4 30.hxg4 Qe6 31.Nh2 Kg7 32.Nf1 Ng8 33.Qe2 Qd7 34.Bb5 
Qd8 35.Kg2 Nf6 36.Ne3 a5 37.a3 Qa8 38.Bd3 axb4 39.axb4 Qa1 40.Qd2 c6 41.g5
Ng8 42.gxh6+ Nxh6 1/2-1/2

[Event "11th EUR-ch"]
[Site "Rijeka CRO"]
[Date "2010.03.15"]
[Round "9"]
[White "Maslak, Konstantin"]
[Black "Beliavsky, Alexander"]
[Result "1/2-1/2"]
[WhiteElo "2560"]
[BlackElo "2657"]
[EventDate "2010.03.06"]
[PlyCount "119"]

1.d4 Nf6 2.c4 e6 3.Nf3 d5 4.Nc3 c6 5.e3 Nbd7 6.Qc2 Bd6 7.g4 h6 8.h3 b6 9.
cxd5 cxd5 10.Nb5 Bb4+ 11.Bd2 Bxd2+ 12.Nxd2 O-O 13.Qc7 Ba6 14.Qxd8 Rfxd8 
15.O-O-O e5 16.dxe5 Nxe5 17.Nd4 Rac8+ 18.Kb1 Bd3+ 19.Bxd3 Nxd3 20.Rhf1 Ne4
21.Nxe4 dxe4 22.Nf5 Kf8 23.Ng3 Nc5 24.Rxd8+ Rxd8 25.b4 Nd3 26.Rd1 Ke8 27.
Nxe4 Nxb4 28.Rxd8+ Kxd8 29.a3 Nc6 30.Kc2 Kd7 31.Kc3 Ke6 32.f4 b5 33.Ng3 g6
34.h4 a5 35.h5 gxh5 36.Nxh5 f5 37.Ng7+ Kf6 38.Nxf5 h5 39.Nd6 hxg4 40.Kd3 
b4 41.axb4 Nxb4+ 42.Kc4 Nc2 43.Kd3 Nb4+ 44.Kc4 Ke6 45.Ne4 Nc2 46.Kd3 Na3 
47.Ng3 Nb5 48.e4 a4 49.Kc4 a3 50.Kb3 Kd6 51.Nf5+ Kc6 52.e5 Kd7 53.Ng3 Ke6 
54.Ka2 Kd5 55.Kb3 Kc5 56.Nh5 Kc6 57.Ng3 Kd5 58.Nh5 Ke4 59.Nf6+ Kxf4 60.
Nxg4 1/2-1/2

[Event "11th EUR-ch"]
[Site "Rijeka CRO"]
[Date "2010.03.15"]
[Round "9"]
[White "Babula, Vlastimil"]
[Black "Cheparinov, Ivan"]
[Result "1/2-1/2"]
[WhiteElo "2554"]
[BlackElo "2657"]
[EventDate "2010.03.06"]
[PlyCount "227"]

1.d4 Nf6 2.c4 g6 3.Nc3 d5 4.cxd5 Nxd5 5.Bd2 Bg7 6.e4 Nb6 7.Be3 O-O 8.h3 
Nc6 9.Nf3 f5 10.exf5 Bxf5 11.Be2 Kh8 12.O-O Nd5 13.Bb5 Ncb4 14.Rc1 Nxc3 
15.bxc3 Nd5 16.Bd2 Qd6 17.Re1 c6 18.Bf1 Rad8 19.Ne5 c5 20.Bg5 Nxc3 21.Qf3 
cxd4 22.Nc4 Qd5 23.Bxe7 Qxf3 24.gxf3 d3 25.a3 Rfe8 26.Bxd8 Rxd8 27.Re7 b5 
28.Nd2 Rc8 29.Rce1 Bh6 30.Re8+ Rxe8 31.Rxe8+ Kg7 32.Nb3 d2 33.Nxd2 Bxd2 
34.Re7+ Kh6 35.Rxa7 Bf4 36.Rb7 Bd6 37.Bxb5 Bxa3 38.Bc4 Bf8 39.Kg2 Bg7 40.
Ra7 Bd4 41.Re7 Na4 42.Rc7 Nb6 43.Bb3 Be5 44.Rc6 Nc8 45.Be6 Nd6 46.Bxf5 
Nxf5 47.Rc4 Kg5 48.Rg4+ Kh5 49.f4 Bc7 50.Kf3 Nd4+ 51.Kg2 Ne6 52.f5 gxf5 
53.Rc4 Kg5 54.Kf3 Be5 55.Ra4 Kf6 56.Ra6 Bd4 57.Kg3 Bc5 58.Rc6 Ke5 59.Rc8 
Kf6 60.Rc6 Bd4 61.Ra6 Be5+ 62.Kf3 Bc7 63.Ra8 Ng5+ 64.Kg2 Nf7 65.Ra6+ Bd6 
66.Rc6 Kg5 67.Ra6 h5 68.Rc6 h4 69.Ra6 Bf4 70.Ra8 Ne5 71.Rg8+ Kf6 72.Ra8 
Nf7 73.Kf3 Bd6 74.Kg2 Ne5 75.Ra4 Ng6 76.Kf3 Kg5 77.Ra6 Be5 78.Ra5 Bf6 79.
Ra8 Ne5+ 80.Kg2 Nd3 81.Kf3 Ne5+ 82.Kg2 Nc6 83.Kf3 Nd4+ 84.Ke3 Ne6 85.Kf3 
Bd4 86.Ra4 Kf6 87.Ra6 Ke5 88.Ra5+ Bc5 89.Ra4 Nd4+ 90.Kg2 Ke4 91.Rc4 Bd6 
92.Ra4 f4 93.Ra6 f3+ 94.Kf1 Be5 95.Ra4 Bf4 96.Rc4 Bd2 97.Ra4 Bc1 98.Rc4 
Bb2 99.Rc8 Nf5 100.Rg8 Bg7 101.Re8+ Kf4 102.Rg8 Bf6 103.Rg4+ Ke5 104.Ke1 
Nh6 105.Ra4 Nf7 106.Kd2 Bg5+ 107.Kd3 Nd6 108.Ra5+ Kf4 109.Ra4+ Kf5 110.
Ra5+ Kf6 111.Ra6 Bf4 112.Rxd6+ Bxd6 113.Ke4 Bc5 114.Kxf3 1/2-1/2

[Event "11th EUR-ch"]
[Site "Rijeka CRO"]
[Date "2010.03.15"]
[Round "9"]
[White "Pashikian, Arman"]
[Black "Nevednichy, Vladislav"]
[Result "1-0"]
[WhiteElo "2652"]
[BlackElo "2572"]
[EventDate "2010.03.06"]
[PlyCount "117"]

1.d4 Nf6 2.Nf3 g6 3.c4 Bg7 4.Nc3 O-O 5.e4 d6 6.Be2 e5 7.O-O Nbd7 8.Be3 Re8
9.d5 Ng4 10.Bg5 f6 11.Bd2 a5 12.Ne1 Nh6 13.Nd3 f5 14.Rc1 b6 15.a3 Nf6 16.
f3 Nf7 17.b4 Bf8 18.Qb3 Bd7 19.Nf2 Nh5 20.Rfe1 axb4 21.axb4 Bh6 22.Bxh6 
Nxh6 23.Bf1 Nf7 24.c5 bxc5 25.bxc5 dxc5 26.Ncd1 Nd6 27.Rxc5 Nf6 28.exf5 
Bxf5 29.Ne3 Ra7 30.Rec1 h5 31.Qc3 Re7 32.Rc6 Nfe8 33.Nxf5 gxf5 34.Qe3 Qa8 
35.Qg5+ Rg7 36.Qxh5 Ra1 37.Qh6 Qa3 38.R6c3 Qb2 39.R3c2 Qa3 40.Rc3 Qb2 41.
h4 Rxc1 42.Rxc1 e4 43.fxe4 Nf6 44.e5 Qxe5 45.Rb1 Qd4 46.Be2 Qxd5 47.Bf3 
Qd4 48.Bh5 Nd7 49.Bf3 Qe5 50.Qc1 Qd4 51.Qb2 Ne5 52.Qb3+ Kh7 53.Rd1 Qxh4 
54.Bd5 Ng4 55.Nxg4 Qxg4 56.Rd3 Rg6 57.Rh3+ Rh6 58.Bg8+ Kg7 59.Rg3 1-0

[Event "11th EUR-ch"]
[Site "Rijeka CRO"]
[Date "2010.03.15"]
[Round "9"]
[White "Savchenko, Boris"]
[Black "Iotov, Valentin"]
[Result "1-0"]
[WhiteElo "2652"]
[BlackElo "2568"]
[EventDate "2010.03.06"]
[PlyCount "61"]

1.g3 c5 2.Bg2 Nc6 3.c4 g6 4.Nc3 Bg7 5.Nf3 b6 6.d3 Bb7 7.e4 d6 8.O-O e6 9.
Be3 Nd4 10.Qa4+ Qd7 11.Bxd4 cxd4 12.Nb5 Bc6 13.Qb4 Bxb5 14.cxb5 e5 15.Nd2 
Ne7 16.Nc4 Rd8 17.a4 O-O 18.a5 d5 19.axb6 dxc4 20.Rxa7 Qd6 21.Qxd6 Rxd6 
22.dxc4 Nc8 23.c5 Re6 24.Bh3 Nxa7 25.bxa7 Re7 26.b6 Rb7 27.Ra1 Ra8 28.Bc8 
Rxc8 29.a8=Q Rxa8 30.Rxa8+ Bf8 31.c6 1-0

[Event "11th EUR-ch"]
[Site "Rijeka CRO"]
[Date "2010.03.15"]
[Round "9"]
[White "Damljanovic, Branko"]
[Black "Zhigalko, Sergei"]
[Result "0-1"]
[WhiteElo "2550"]
[BlackElo "2648"]
[EventDate "2010.03.06"]
[PlyCount "86"]

1.c4 e5 2.g3 Nc6 3.Nc3 Bc5 4.Bg2 d6 5.e3 Bf5 6.d3 Nf6 7.a3 a5 8.Nge2 O-O 
9.h3 h6 10.g4 Bd7 11.Ng3 Rb8 12.Bd2 Ne7 13.Na4 Ba7 14.b4 axb4 15.axb4 Ng6 
16.Nc3 Bb6 17.Rg1 c6 18.Nce4 Nxe4 19.dxe4 Be6 20.Rc1 Nh4 21.Bh1 Qf6 22.Nf5
Rfd8 23.Qc2 Ra8 24.Ke2 Ra3 25.Ra1 Rxa1 26.Rxa1 Kh7 27.Be1 Bc7 28.Ra7 Bc8 
29.f3 Nxf5 30.exf5 d5 31.cxd5 Bb6 32.Ra3 cxd5 33.Bg2 Bd7 34.Kf1 Bb5+ 35.
Kg1 d4 36.Bf2 d3 37.Qd2 Rc8 38.Ra2 Qd6 39.Bf1 Qd5 40.e4 Bxf2+ 41.Qxf2 Qb3 
42.Rb2 Qa3 43.Rb1 Rc1 0-1

[Event "11th EUR-ch"]
[Site "Rijeka CRO"]
[Date "2010.03.15"]
[Round "9"]
[White "Zviagintsev, Vadim"]
[Black "Grigoriants, Sergey"]
[Result "1-0"]
[WhiteElo "2643"]
[BlackElo "2562"]
[EventDate "2010.03.06"]
[PlyCount "48"]

1.e4 c6 2.d4 d5 3.f3 e6 4.Nc3 Bb4 5.Bd2 b6 6.Nce2 Bxd2+ 7.Qxd2 Ba6 8.O-O-O
Ne7 9.h4 Nd7 10.h5 h6 11.e5 c5 12.f4 Qc7 13.Nf3 Bxe2 14.Bxe2 c4 15.Nh4 b5 
16.Bg4 Rb8 17.f5 Nf8 18.fxe6 Nxe6 19.Bxe6 fxe6 20.Rdf1 b4 21.Ng6 Nxg6 22.
hxg6 Qa5 23.Qf4 Rb7 24.Rxh6 Rxh6 1-0

[Event "11th EUR-ch"]
[Site "Rijeka CRO"]
[Date "2010.03.15"]
[Round "9"]
[White "Predojevic, Borki"]
[Black "Brkic, Ante"]
[Result "1/2-1/2"]
[WhiteElo "2639"]
[BlackElo "2543"]
[EventDate "2010.03.06"]
[PlyCount "82"]

1.e4 e5 2.Nf3 Nc6 3.d4 exd4 4.Nxd4 Bc5 5.Be3 Qf6 6.c3 Nge7 7.Bc4 O-O 8.O-O
b6 9.Qd2 Qg6 10.f3 a5 11.Na3 Nxd4 12.cxd4 Bxa3 13.bxa3 d5 14.Bxd5 Nxd5 15.
exd5 Bb7 16.Bf4 Bxd5 17.Bxc7 Rac8 18.Rac1 Rfe8 19.Qf4 Re2 20.Qg3 Qxg3 21.
hxg3 f6 22.Rf2 Rxa2 23.Rxa2 Bxa2 24.Kf2 Kf7 25.Ke3 Ke6 26.Kd2 Kd5 27.Bxb6 
Rxc1 28.Kxc1 a4 29.Kd2 Bc4 30.Ke3 h5 31.Bc5 Bf1 32.Kf2 Bc4 33.Bf8 g6 34.
Be7 Ke6 35.Bd8 f5 36.Kg1 Kd5 37.Bf6 Bd3 38.Kh2 Bf1 39.Kh3 Ke6 40.Bd8 Kd5 
41.Bf6 Ke6 1/2-1/2

[Event "11th EUR-ch"]
[Site "Rijeka CRO"]
[Date "2010.03.15"]
[Round "9"]
[White "Kobalia, Mikhail"]
[Black "Godena, Michele"]
[Result "1-0"]
[WhiteElo "2637"]
[BlackElo "2561"]
[EventDate "2010.03.06"]
[PlyCount "79"]

1.e4 e5 2.Nf3 Nc6 3.Bb5 Nf6 4.O-O Nxe4 5.d4 a6 6.Ba4 b5 7.Bb3 d5 8.dxe5 
Be6 9.Nbd2 Nc5 10.c3 Bg4 11.Bc2 Ne6 12.Re1 Bc5 13.Nf1 Ne7 14.Ng3 O-O 15.
Qd3 g6 16.h3 Bf5 17.Nxf5 Nxf5 18.Nh2 h5 19.Qe2 Nfg7 20.Nf3 c6 21.Be3 Qb6 
22.Qd2 Bxe3 23.Rxe3 Rfd8 24.Rd1 Ra7 25.Rd3 Rad7 26.g4 c5 27.Qh6 c4 28.Re3 
Qc5 29.Nd4 Qf8 30.Rf3 Nxd4 31.cxd4 Ne6 32.Qe3 hxg4 33.hxg4 Qe7 34.Rf6 Kg7 
35.f4 Qb4 36.f5 Nf8 37.fxg6 fxg6 38.Bxg6 Qxb2 39.Bf5 Nh7 40.Bxh7 1-0

[Event "11th EUR-ch"]
[Site "Rijeka CRO"]
[Date "2010.03.15"]
[Round "9"]
[White "Drozdovskyi, Yuri"]
[Black "Makarov, Marat"]
[Result "1-0"]
[WhiteElo "2627"]
[BlackElo "2510"]
[EventDate "2010.03.06"]
[PlyCount "117"]

1.d4 Nf6 2.c4 e6 3.g3 d5 4.Nf3 Bb4+ 5.Bd2 Be7 6.Bg2 O-O 7.O-O c6 8.Qc2 b6 
9.Rd1 Nbd7 10.Bf4 a5 11.Ne5 Nxe5 12.dxe5 Nd7 13.cxd5 cxd5 14.e4 d4 15.Rxd4
Bc5 16.Rd1 g5 17.Bc1 f6 18.Be3 Bxe3 19.fxe3 fxe5 20.Qc6 Ra7 21.Qxe6+ Kg7 
22.Nc3 Qf6 23.Qxf6+ Nxf6 24.Rd6 Ng4 25.Nd5 Nf2 26.h4 gxh4 27.gxh4 b5 28.
Rc1 Ng4 29.Rdc6 Bd7 30.Rc7 Rxc7 31.Rxc7 Rf7 32.a3 b4 33.axb4 axb4 34.Bh3 
h5 35.Bxg4 Bxg4 36.Rxf7+ Kxf7 37.Nxb4 Bf3 38.Nd3 Ke6 39.Kf2 Bg4 40.Nb4 Kd6
41.Nd5 Be6 42.Ke2 Bh3 43.Kd3 Bf1+ 44.Kc3 Kc5 45.Nf6 Be2 46.Nh7 Bb5 47.Ng5 
Kd6 48.Kb4 Bd3 49.Ka5 Kc5 50.b4+ Kc6 51.Nf7 Bxe4 52.b5+ Kd7 53.b6 Bb7 54.
Nxe5+ Ke6 55.Nc4 Kd5 56.Nd2 Ke5 57.Kb5 Kd5 58.e4+ Kd4 59.Nb3+ 1-0

[Event "11th EUR-ch"]
[Site "Rijeka CRO"]
[Date "2010.03.15"]
[Round "9"]
[White "Oleksienko, Mykhailo"]
[Black "Socko, Bartosz"]
[Result "1/2-1/2"]
[WhiteElo "2525"]
[BlackElo "2637"]
[EventDate "2010.03.06"]
[PlyCount "103"]

1.e4 e5 2.Nf3 Nc6 3.Bb5 a6 4.Bxc6 dxc6 5.O-O f6 6.d4 exd4 7.Nxd4 c5 8.Nb3 
Qxd1 9.Rxd1 Bg4 10.f3 Bd7 11.Bf4 O-O-O 12.Nc3 Be6 13.Rxd8+ Kxd8 14.Rd1+ 
Kc8 15.Nd5 Bxd5 16.Rxd5 b6 17.Nc1 Ne7 18.Rd2 c4 19.Ne2 Nc6 20.Kf2 b5 21.
Be3 Bb4 22.c3 Bd6 23.f4 g6 24.g3 Kd7 25.Nd4 Nxd4 26.Bxd4 Ke6 27.Kf3 Rb8 
28.g4 a5 29.e5 fxe5 30.Bxe5 b4 31.Bxd6 cxd6 32.Ke4 a4 33.f5+ gxf5+ 34.
gxf5+ Ke7 35.Kd4 bxc3 36.Kxc3 Rf8 37.Re2+ Kd7 38.Rf2 d5 39.Kd4 Rc8 40.f6 
Ke8 41.Kxd5 c3 42.Rc2 Rd8+ 43.Kc4 cxb2 44.Rxb2 Kf7 45.Kb4 Rd4+ 46.Ka3 Kxf6
47.Rb4 Rd3+ 48.Kxa4 Rd2 49.Kb3 Rxh2 50.a4 Rh3+ 51.Kc4 Rh4+ 52.Kb5 1/2-1/2

[Event "11th EUR-ch"]
[Site "Rijeka CRO"]
[Date "2010.03.15"]
[Round "9"]
[White "Halkias, Stelios"]
[Black "l`Ami, Erwin"]
[Result "1/2-1/2"]
[WhiteElo "2580"]
[BlackElo "2628"]
[EventDate "2010.03.06"]
[PlyCount "32"]

1.d4 Nf6 2.Nf3 e6 3.c4 b6 4.e3 Bb7 5.Bd3 d5 6.b3 Nbd7 7.O-O Be7 8.Nc3 O-O 
9.Bb2 c5 10.Qe2 cxd4 11.exd4 Rc8 12.Rfd1 Qc7 13.Nb5 Qb8 14.Ne5 Rfd8 15.Re1
Nf8 16.Rad1 Qa8 1/2-1/2